000 01362nam a2200241 ar4500
001 3668
005 20221127090803.0
008 140128s su a 00010 ara d
020 _a9789960171562
082 0 4 _a378.01
_bق605
100 1 _aقودارد، جون.
245 1 2 _aالدليل العملي لربط الجامعات بالنمو الاقليمي :
_bدليل يهدف الى تطوير اسهام الجامعات في التنمية الاقليمية ... /
_cاعداد جون قودارد، مساعدة لويس كيمبتون ؛ ترجمة بدور بنت عبدالرحمن ابو عمه.
260 _aالرياض :
_bوزارة التعليم العالي،
_c2013[1435].
300 _a152 ص. :
_bايض. ملونة ؛
_c24 سم.
440 0 _aسلسلة اصدارات مركز البحوث والدراسات ؛
_v23.
500 _aترجمة لكتاب : Connecting universities to regional growth / J. Goodard, Louise Kempton. 2011.
504 _aيتضمن ارجاعات ببليوجرافية.
650 4 _aالتعليم العالي
_xتخطيط.
650 4 _aالتعليم العالي
_xاقتصاديات.
650 4 _aالجامعات والكليات
_xاغراضه واهدافه.
700 0 _aكيمبتون، لويس،
_eم. مشارك.
700 0 _aابو عمه، بدور بنت عبدالرحمن،
_eمترجم.
999 _c3666
_d3666